000 01127nkm a2200277 i 4500
001 3967
003 ES-MaACL
005 20250713062857.0
007 khrbo
008 070620s1987 sp --- g |001||spa d
100 0 _aAlfonso,
_d1902-1990
_919858
245 1 0 _aExposición de Carmen Brihuega, Sara Gerest y Nelly Rivkin [
_hFotografía] /
_cAlfonso (sello).
260 _a[S.l. :
_bs.n.],
_c1987.
300 _a2 fot. :
_bb. y n. ;
_c12 x 18 cm.
500 _aDatos basados en invitación.
511 0 _aIntervienen: Carmen Brihuega, Sara Gerest, Nelly Rivkin.
518 _aActo organizado por el Ateneo de Madrid, celebrado en la sala de exposiciones de Santa Catalina el viernes, 20 de febrero de 1987, a las 20:00 h.
600 1 4 _aBrihuega, Carmen.
_931732
600 1 4 _aGerest, Sara.
_956439
600 1 4 _aRivkin, Nelly.
_997746
610 2 4 _aAteneo de Madrid-
_xActos culturales-
_y1987-
_vFotografías.
_91902
710 2 _aAteneo de Madrid.
_91875
852 _aES-MaACL
_jFOT 33/1987
856 4 _uhttp://www.ateneodemadrid.net/biblioteca_digital/imagenes/1987/0033-1987.jpg
_zVer imagen
999 _c3967
_d3967